000 00701nam a22002417a 4500
003 UA-OsUOA
001 73930
007 ta
008 20110323b un ||||| |||| 00| 0 ukr d
090 _a343.2/7(082.1)
_bА55
942 _cBK
040 _aUA-OsUOA
_bukr
_cUA-OsUOA
_dUA-OsUOA
245 _aАльманах кримінального права.
_bЗбірник статей.
300 _a424 с.
955 _a2
041 _aukr
080 _a343.2/7(082.1)
020 _a978-966-373-494-1
260 _aК.
_bПравова єдність
_c2009
250 _nВипуск 1.
650 7 _a343 Кримінальне право. Карні порушення
_2UDC
999 _c360212
_d360212